000 01228nam a22002417a 4500
999 _c19518
_d19518
003 AR-CdUCM
008 190517b ||||| |||| 00| 0 spa d
040 _aMUNICIPALIDAD PROVINCIAL DEL CUSCO
_cBIBLIOTECA MUNICIPAL DEL CUSCO
041 _hger
082 _a372.1 /
_bM46
100 _aMeumann, Ernesto
_940895
245 _aPedagogía experimental /
260 _aBuenos Aires :
_bLosada,
_c1947.
300 _a378 páginas ;
_c20 cm.
440 _aBiblioteca Pedagógica.
_n17
_940896
505 _aContenido: El movimiento de reforma en la pedagogía actual y la ciencia pedagógica -- Fundamento de la ciencia pedagógica por la ciencia empírica de la edad juvenil -- Introducción general a la ciencia del niño -- La investigación experimental del desarrollo corporal y espiritual del joven y su importancia pedagógica -- El estudio de las individualidades y de las diferencias de aptitud de los niños -- Fundamento de la pedagogía por el análisis experimental del trabajo del escolar ...
650 _aEducación
_9460
650 _aPedagogía
_91560
650 _aMetodología experimental
_911712
700 _aRuíz Amado, Ramón (traducción)
_940897
942 _2ddc
_cLIBROS
945 _aachl
_d2019-05-17